Statistiques concernant They Shoot Pictures, Don't They? - films 201 à 220

Cliquez ici pour prendre le quiz!

Statistiques générales

  • Ce quiz a été pris 41 fois
  • Le résultat moyen est 8 sur 20

Statistiques - réponses

Réponse% Correct
Les Aventuriers de l'arche perdue
94%
Le Dictateur
87%
King Kong
84%
The Thing
68%
Solaris
65%
Le Samouraï
55%
Les Glaneurs et la Glaneuse
48%
Moonlight
42%
Paris, Texas
42%
Breaking the Waves
39%
Les Ailes du désir
39%
Sans toit ni loi
26%
Mort à Venise
23%
Zéro de conduite
23%
Sur les quais
16%
Colonel Blimp
13%
Umberto D.
13%
News from Home
10%
Wavelength
6%
La Vie d'O'Haru, femme galante
3%

Distribution des résultats

Percentile par nombre de réponses

% des personnes avec chaque résultat

Votre développement - résultats

Vous n’avez pas pris ce quiz